<?xml version="1.0" encoding="UTF-8"?>
<record
    xmlns:xsi="http://www.w3.org/2001/XMLSchema-instance"
    xsi:schemaLocation="http://www.loc.gov/MARC21/slim http://www.loc.gov/standards/marcxml/schema/MARC21slim.xsd"
    xmlns="http://www.loc.gov/MARC21/slim">

  <leader>01190nam a2200337Ia 4500</leader>
  <controlfield tag="001">dia_5906</controlfield>
  <controlfield tag="003">CHAP</controlfield>
  <controlfield tag="005">20230331133116.0</controlfield>
  <controlfield tag="008">220117s2014    xx            000 0 und d</controlfield>
  <datafield tag="010" ind1=" " ind2=" ">
    <subfield code="a">177037</subfield>
  </datafield>
  <datafield tag="020" ind1=" " ind2=" ">
    <subfield code="a">978-1-4398-8702-8</subfield>
  </datafield>
  <datafield tag="040" ind1=" " ind2=" ">
    <subfield code="c">CHAP</subfield>
  </datafield>
  <datafield tag="082" ind1=" " ind2=" ">
    <subfield code="a">664.7 E54 2014</subfield>
  </datafield>
  <datafield tag="245" ind1=" " ind2=" ">
    <subfield code="a">Engineering aspects of cereal and cereal-based products  /</subfield>
    <subfield code="c"> edici&#xF3;n Raquel de Pinho Ferreira Guin&#xE9; y Paula Maria dos Reis Correia</subfield>
  </datafield>
  <datafield tag="260" ind1=" " ind2=" ">
    <subfield code="a">Estados Unidos de Am&#xE9;rica  :</subfield>
    <subfield code="b"> CRC Press, Taylor &amp; Francis Group,</subfield>
    <subfield code="c">2014</subfield>
  </datafield>
  <datafield tag="300" ind1=" " ind2=" ">
    <subfield code="a">xix, 347 p.</subfield>
  </datafield>
  <datafield tag="440" ind1=" " ind2=" ">
    <subfield code="a">Contemporary food engineering / edici&#xF3;n Da-Wen Sun</subfield>
    <subfield code="9">159994</subfield>
  </datafield>
  <datafield tag="503" ind1=" " ind2=" ">
    <subfield code="a">C/e</subfield>
  </datafield>
  <datafield tag="504" ind1=" " ind2=" ">
    <subfield code="a">Incluye bibliograf&#xED;as</subfield>
  </datafield>
  <datafield tag="590" ind1=" " ind2=" ">
    <subfield code="a">TP434 E54 2014</subfield>
  </datafield>
  <datafield tag="650" ind1=" " ind2=" ">
    <subfield code="a">Cereal products  </subfield>
    <subfield code="9">153567</subfield>
  </datafield>
  <datafield tag="650" ind1=" " ind2=" ">
    <subfield code="a">Food industry and trade</subfield>
    <subfield code="9">153913</subfield>
  </datafield>
  <datafield tag="650" ind1=" " ind2=" ">
    <subfield code="a">Industria de los alimentos</subfield>
    <subfield code="x">Comercio  </subfield>
    <subfield code="9">159995</subfield>
  </datafield>
  <datafield tag="650" ind1=" " ind2=" ">
    <subfield code="a">Productos de granos  </subfield>
    <subfield code="9">148397</subfield>
  </datafield>
  <datafield tag="700" ind1=" " ind2=" ">
    <subfield code="a">Pinho Ferreira Guin&#xE9;, Raquel de, ed. </subfield>
    <subfield code="9">159996</subfield>
  </datafield>
  <datafield tag="700" ind1=" " ind2=" ">
    <subfield code="a">Reis Correia, Paula Maria dos, ed.</subfield>
    <subfield code="9">159997</subfield>
  </datafield>
  <datafield tag="901" ind1=" " ind2=" ">
    <subfield code="a">664.7 E54 2014</subfield>
  </datafield>
  <datafield tag="902" ind1=" " ind2=" ">
    <subfield code="a">M</subfield>
  </datafield>
  <datafield tag="905" ind1=" " ind2=" ">
    <subfield code="a">5232272014                          -usaimn8222223322eng16</subfield>
  </datafield>
  <datafield tag="942" ind1=" " ind2=" ">
    <subfield code="c">LIBRO</subfield>
    <subfield code="2">ddc</subfield>
  </datafield>
  <datafield tag="999" ind1=" " ind2=" ">
    <subfield code="c">177037</subfield>
    <subfield code="d">177037</subfield>
  </datafield>
  <datafield tag="952" ind1=" " ind2=" ">
    <subfield code="0">0</subfield>
    <subfield code="1">0</subfield>
    <subfield code="2">ddc</subfield>
    <subfield code="4">0</subfield>
    <subfield code="7">0</subfield>
    <subfield code="8">GRAL</subfield>
    <subfield code="a">IA_</subfield>
    <subfield code="b">IA_</subfield>
    <subfield code="d">2022-01-18</subfield>
    <subfield code="f">1</subfield>
    <subfield code="l">2</subfield>
    <subfield code="o">664.7 E54 2014</subfield>
    <subfield code="p">dia_009270</subfield>
    <subfield code="r">2025-02-28 18:21:10</subfield>
    <subfield code="s">2025-02-28</subfield>
    <subfield code="t">2</subfield>
    <subfield code="w">2022-01-18</subfield>
    <subfield code="y">LIBRO</subfield>
  </datafield>
  <datafield tag="952" ind1=" " ind2=" ">
    <subfield code="0">0</subfield>
    <subfield code="1">0</subfield>
    <subfield code="2">ddc</subfield>
    <subfield code="4">0</subfield>
    <subfield code="7">0</subfield>
    <subfield code="8">GRAL</subfield>
    <subfield code="a">IA_</subfield>
    <subfield code="b">IA_</subfield>
    <subfield code="d">2022-01-18</subfield>
    <subfield code="f">1</subfield>
    <subfield code="l">1</subfield>
    <subfield code="o">664.7 E54 2014</subfield>
    <subfield code="p">dia_009287</subfield>
    <subfield code="r">2024-08-12 19:29:30</subfield>
    <subfield code="s">2024-08-12</subfield>
    <subfield code="t">1</subfield>
    <subfield code="w">2022-01-18</subfield>
    <subfield code="y">LIBRO</subfield>
  </datafield>
</record>
